000
00279nam a22001337a 4500
008
170522b xxu||||| |||| 00| 0 eng d
020
_a
041
_a
eng
080
_a
94
100
_a
16
101
_a
SHH
245
_a
WHY NATIONS WAR
_c
STOESSINGER.J.G
942
_2
udc
_c
BK
999
_c
13827
_d
13827